000 00307pam a2200157 a 4500
020 _c
041 _h
100 _aDr. A. B. Chakranarayan
245 _aConcepts in Geology
250 _aIst
260 _c1997
300 _a435
653 _aGeology
700 _aDr. U. D. Kulkarni
930 _a176
999 _c246029
_d246029